German Football Clubs - Sudden Death - Statistics

General Stats
  • This quiz has been taken 436 times
  • The average score is 14 of 16
Answers on the Grid
Answers color-coded by a green-red scale on the quiz's grid according to % correct below.
Ajax
Arsenal
Augsburg
Basel
Bayer Leverkusen
Bayern
Borussia Dortmund
Eintracht Frankfurt
FC Köln
Feyenoord
Hertha BSC
Juventus
LASK
Lille
Mainz
PSG
PSV
RB Leipzig
RB Salzburg
SC Freiburg
Schalke
Sevilla
SK Rapid
Sturm Graz
Torino
TSG Hoffenheim
Twente
Union Berlin
VfB Stuttgart
VfL Wolfsburg
Werder Bremen
Young Boys
 
Answer Stats
Answer % Correct
Bayer Leverkusen
97%
Eintracht Frankfurt
96%
Borussia Dortmund
95%
FC Köln
95%
Bayern
93%
Augsburg
92%
RB Leipzig
92%
Hertha BSC
91%
Mainz
90%
VfB Stuttgart
87%
VfL Wolfsburg
87%
SC Freiburg
85%
Schalke
85%
Union Berlin
85%
TSG Hoffenheim
84%
Werder Bremen
84%
No matching quizzes found
Score Distribution
Percent of People with Each Score
Percentile by Number Answered
Your Score History
You have not taken this quiz